| 000 | 01345cam a22003134a 4500 | ||
|---|---|---|---|
| 001 | 13984553 | ||
| 005 | 20210414113911.0 | ||
| 008 | 050527s2006 njua b 001 0 eng | ||
| 010 | _a 2005048927 | ||
| 020 | _a0131494597 | ||
| 035 | _a(OCoLC)ocm60669113 | ||
| 040 |
_aDLC _cDLC _dOCLCQ _dBAKER _dC#P _dDLC |
||
| 042 | _apcc | ||
| 050 | 0 | 0 |
_aHD30.28 _b.W43 2006 |
| 082 | 0 | 0 |
_a658.4/012 _222 |
| 100 | 1 | _aWheelen, Thomas L. | |
| 245 | 1 | 0 |
_aStrategic management and business policy : _bconcepts and cases / _cThomas L. Wheelen, J. David Hunger. |
| 250 | _a10th ed. | ||
| 260 |
_aUpper Saddle River, NJ : _bPearson Prentice Hall, _cc2006. |
||
| 300 |
_axlvii, + various pagings : _bcol. ill. ; _c27 cm. |
||
| 504 | _aIncludes bibliographical references and indexes. | ||
| 505 | _aContents: Introduction to strategic management and business policy -- Scanning the environment -- Strategy formulation -- Strategy implementation -- Other strategic issues -- Introduction to case analysis -- Cases in the strategic amnagement. | ||
| 650 | 0 | _aStrategic planning. | |
| 650 | 0 |
_aStrategic planning _vCase studies. |
|
| 700 | 1 |
_aHunger, J. David, _d1941- |
|
| 906 |
_a7 _bcbc _corignew _d1 _eocip _f20 _gy-gencatlg |
||
| 942 |
_2lcc _cBK |
||
| 999 |
_c490 _d7990 |
||